Vector analysis with applications (Record no. 7970)

000 -LEADER
fixed length control field 00491nam a22001937a 4500
001 - CONTROL NUMBER
control field 7970
003 - CONTROL NUMBER IDENTIFIER
control field BD-DhUET
008 - FIXED-LENGTH DATA ELEMENTS--GENERAL INFORMATION
fixed length control field 141221b xxu||||| |||| 00| 0 eng d
040 ## - CATALOGING SOURCE
Transcribing agency 0
Modifying agency BD-DhUET
082 ## - DEWEY DECIMAL CLASSIFICATION NUMBER
Classification number 516.83
Item number ALI/1977
100 ## - MAIN ENTRY--PERSONAL NAME
Personal name Ali Ashraf
245 ## - TITLE STATEMENT
Title Vector analysis with applications
Statement of responsibility, etc. by Ali Ashraf
250 ## - EDITION STATEMENT
Edition statement 1st ed.
260 ## - PUBLICATION, DISTRIBUTION, ETC. (IMPRINT)
Place of publication, distribution, etc. Dhaka
Name of publisher, distributor, etc. Hafiz book centre
Date of publication, distribution, etc. 1977
300 ## - PHYSICAL DESCRIPTION
Extent 340[2]p.
Other physical details ill.
650 #0 - SUBJECT ADDED ENTRY--TOPICAL TERM
Topical term or geographic name as entry element Vector analysis
700 ## - ADDED ENTRY--PERSONAL NAME
Personal name Abdul Khaleq Hazra, Md.
942 ## - ADDED ENTRY ELEMENTS (KOHA)
Koha item type General Book
Holdings
Location (home branch) Koha item type Sublocation or collection (holding branch) Koha out on loan Withdrawn status Not for loan Shelving location Source of classification or shelving scheme Copy number Koha normalized classification for sorting Koha date last seen Date acquired Koha full call number Lost status Piece designation (barcode) Price effective from Koha issues (times borrowed) Damaged status Koha date last borrowed
Central Library, BUETGeneral BookCentral Library, BUET   Circulation section 1516_830000000000000_ALI_19772025-11-092014-12-21516.83/ALI/1977 487822014-12-2113 2023-09-26
Central Library, BUETGeneral BookCentral Library, BUET2024-02-18  Circulation section 2516_830000000000000_ALI_19772024-02-042015-03-31516.83/ALI/1977 487852015-03-319 2024-02-04
Central Library, BUETGeneral BookCentral Library, BUET   Reading section 3516_830000000000000_ALI_19772015-06-072015-06-07516.83/ALI/1977 562152015-06-07   
Central Library, BUETGeneral BookCentral Library, BUET   Reading section 4516_830000000000000_ALI_19772015-06-072015-06-07516.83/ALI/1977 562132015-06-07   
Central Library, BUETGeneral BookCentral Library, BUET   Reading section 5516_830000000000000_ALI_19772015-06-072015-06-07516.83/ALI/1977 562162015-06-07   
Central Library, BUETGeneral BookCentral Library, BUET   Reading section 6516_830000000000000_ALI_19772015-06-072015-06-07516.83/ALI/1977 562182015-06-07   
Central Library, BUETGeneral BookCentral Library, BUET   Circulation section 7516_830000000000000_ALI_19772025-11-092015-07-12516.83/ALI/1977 562122015-07-121 2024-10-23